000 00381nam a22001577a 4500
999 _c9106
_d9106
003 OSt
008 201117b ||||| |||| 00| 0 eng d
020 _a9788131705629
100 _aDromey, R. G.
245 _aHow to Solve it by Computer
250 _a1 ST
260 _aNew Delhi
_bPearson Education
_c2019
300 _a442
650 _aB.Sc Computer Science
942 _2ddc
_cBK